000 00481nam a22001817a 4500
003 CEME
005 20210628202450.0
008 210122b xxu||||| |||| 00| 0 eng d
020 _a1-84112-512-1
040 _c.
082 _a658 LAN
100 _aLangdon, Ken
_960007
245 _aThe 100 greatest ideas for building your career
260 _aNEW YORK
_bCAPSTONE
_c2000
300 _aXI,147 P
650 _aGREATEST IDEAS FOR BUILDING YOUR CAREER
_960021
942 _cBK
_2ddc
999 _c569863
_d569863